Statistics for Fortnite Pros By PR

Click here to take the quiz!

General Stats

  • This quiz has been taken 191 times
  • The average score is 8 of 30

Answer Stats

PlacementPlayer% Correct
1Bugha
82%
10Mongraal
82%
3Clix
76%
3MrSavageM
75%
2Tayson
74%
1Benjyfishy
64%
1EpikWhale
55%
7Reet
41%
6JannisZ
34%
6Khanada
29%
5Andilex
25%
5Acorn
22%
2Arkhram
22%
4Th0masHD
19%
8Commandment
15%
2Stretch
15%
4Jahq
14%
5Rehx
14%
9Avery
13%
7xSweeze
13%
8K1nzell
8%
7Slackes
8%
9Oogway
7%
3Wavyjacob
7%
6Favs
5%
10Shark
5%
84DRStorm
3%
9Jay
3%
4Maken
3%
10Frapaii
1%

Score Distribution

Percentile by Number Answered

Percent of People with Each Score

Your Score History

You have not taken this quiz